Normal view
MARC view
Entry Personal Name
001 - CONTROL NUMBER
- control field: 1235088
003 - CONTROL NUMBER IDENTIFIER
- control field: OSt
005 - DATE AND TIME OF LATEST TRANSACTION
- control field: 20260417173049.0
008 - FIXED-LENGTH DATA ELEMENTS
- fixed length control field: 260417|| aca||aabn | a|a d
040 ## - CATALOGING SOURCE
- Original cataloging agency: OSt
- Transcribing agency: OSt
100 ## - HEADING--PERSONAL NAME
- Personal name: Sharma R.K
670 ## - SOURCE DATA FOUND
- Source citation: Work cat.: (OSt)860699: Sharma R.K., Drought power planning in Indian agriculture , 1981
